Giáo trình thí nghiệm an toàn điện

שמור ב:
מידע ביבליוגרפי
מחבר ראשי: Bạch, Thanh Quý
פורמט: Giáo trình
שפה:Undetermined
יצא לאור: Đại Học Công nghiệp TP. Hồ Chí Minh 2022
נושאים:
תגים: הוספת תג
אין תגיות, היה/י הראשונ/ה לתייג את הרשומה!
Thư viện lưu trữ: Trung tâm Thư viện - Trường Đại học Công nghiệp TP. Hồ Chí Minh
LEADER 00537nam a2200157Ia 4500
001 UIH_00061
008 230809s9999 xx 000 0 und d
082 |a 621.310289 
100 |a Bạch, Thanh Quý 
245 0 |a Giáo trình thí nghiệm an toàn điện 
245 0 |c Bạch, Thanh Quý 
260 |b Đại Học Công nghiệp TP. Hồ Chí Minh 
260 |c 2022 
650 |a An toàn điện; 
927 |a Giáo trình 
980 |a Trung tâm Thư viện - Trường Đại học Công nghiệp TP. Hồ Chí Minh